000 01054nam a2200301 4500
003 OSt
005 20260601171001.0
008 260420b20052006uc\a||||\||||\00|\0\eng\d
020 _a9789685616089
040 _aICI
_bspa
_cICI
050 0 _aNA759
_b.L64 2006
100 1 _aMiquel Adría
_931429
110 2 _aReader's Digest México
_931430
245 1 _aLo mejor del Siglo XXI • 2 Arq. Mexicanas 2005-2006
_cReader's Digest México
264 _bReader's Digest México,
_c2005-2006
_aMéxico :
300 _a300 páginas
_bilustraciones a color ;
_c28 cm
336 _atexto
_2rdacontent
337 _asin medio
_2rdamedia
338 _avolumen
_2rdacarrier
500 _aCompilación de obras y tendencias de la arquitectura mexicana contemporánea.
650 _aArquitectura
_ySiglo XXI
_zMéxico
650 _aArquitectura mexicana
_ySiglo XXI
_931432
650 _aEdificios
_xDiseño
_zMéxico
_931433
650 _aArquitectos
_zMéxico
_95823
650 _aUrbanismo
_zMéxico
_95191
655 _2Local
_aLibros ilustrados
942 _2lcc
_cB
999 _c20073
_d20073